000 01096cam a22002531 4500
001 l 38000049
003 DLC
005 20260227111536.0
008 820626s1938 xx 000 0 eng
010 _al 38000049
035 _a(OCoLC)14754645
040 _aDLC
_cDNLM
_dInIU
_dOCoLC
_dDLC
042 _apremarc
050 0 0 _aHV742.D6
_bL8 1938
060 0 _aW1
_bUN6181 no.240 1938
100 1 _aLundberg, Emma Octavia.
245 1 4 _aThe public child-welfare program in the District of Columbia,
_cby Emma O. Lundberg ...
260 _aWashington,
_bU.S. Govt. print. off.,
_c1938.
300 _av, 82 p.
490 1 _aUnited States. Children's bureau. Publication
_vno. 240 (Revised and enlarged edition)
500 _aAt head of title: United States Department of labor. Frances Perkins, secretary. Children's bureau. Katharine F. Lenroot, chief.
500 _a"The first part, which presents the conclusions and recommendations of the study, was published separately in 1937." - Letter of transmittal.
810 1 _aUnited States.
_bChildren's Bureau.
_tPublication ;
_vno. 240.
999 _c36250
_d36250